<?xml version="1.0" encoding="UTF-8"?>
<collection xmlns="http://www.loc.gov/MARC21/slim">
 <record>
  <leader>00909aam a22002298a 4500</leader>
  <controlfield tag="001">00043579</controlfield>
  <controlfield tag="005">20190219080202.0</controlfield>
  <controlfield tag="008">161214s2009                  ||||||Viesd</controlfield>
  <datafield tag="020" ind1="#" ind2="#">
   <subfield code="c">65000</subfield>
   <subfield code="a">978 604 0 10387 1</subfield>
  </datafield>
  <datafield tag="041" ind1="0" ind2="#">
   <subfield code="a">Vie</subfield>
  </datafield>
  <datafield tag="082" ind1="1" ind2="4">
   <subfield code="a">200.7</subfield>
   <subfield code="b">T454GI</subfield>
  </datafield>
  <datafield tag="100" ind1="1" ind2="#">
   <subfield code="a">Trần, Đăng Sinh</subfield>
  </datafield>
  <datafield tag="245" ind1="1" ind2="0">
   <subfield code="c">Trần Đăng Sinh</subfield>
   <subfield code="a">Tôn Giáo học</subfield>
  </datafield>
  <datafield tag="260" ind1="#" ind2="#">
   <subfield code="a">Hà Nội</subfield>
   <subfield code="b">Giáo dục</subfield>
   <subfield code="c">2017</subfield>
  </datafield>
  <datafield tag="300" ind1="#" ind2="#">
   <subfield code="a">259 tr.</subfield>
   <subfield code="c">24 cm.</subfield>
  </datafield>
  <datafield tag="653" ind1="#" ind2="#">
   <subfield code="a">Giáo dục</subfield>
  </datafield>
  <datafield tag="653" ind1="#" ind2="#">
   <subfield code="a">Tín ngưỡng</subfield>
  </datafield>
  <datafield tag="653" ind1="#" ind2="#">
   <subfield code="a">Tư tưởng</subfield>
  </datafield>
  <datafield tag="653" ind1="#" ind2="#">
   <subfield code="a">Việt Nam</subfield>
  </datafield>
  <datafield tag="852" ind1="#" ind2="#">
   <subfield code="j">KD.0025910</subfield>
   <subfield code="j">KM.0026813</subfield>
   <subfield code="j">KM.0026814</subfield>
   <subfield code="j">KM.0026815</subfield>
   <subfield code="j">KM.0026816</subfield>
   <subfield code="j">KM.0026817</subfield>
   <subfield code="j">KM.0026818</subfield>
   <subfield code="j">KM.0026819</subfield>
   <subfield code="j">KM.0026820</subfield>
   <subfield code="j">KM.0026821</subfield>
   <subfield code="j">KM.0026822</subfield>
   <subfield code="j">KM.0026823</subfield>
   <subfield code="j">KM.0026824</subfield>
   <subfield code="j">KM.0026825</subfield>
   <subfield code="j">KM.0026826</subfield>
   <subfield code="j">KM.0026827</subfield>
   <subfield code="j">KM.0026828</subfield>
   <subfield code="j">KM.0026829</subfield>
   <subfield code="j">KM.0026830</subfield>
   <subfield code="j">KM.0026831</subfield>
  </datafield>
  <datafield tag="910" ind1="#" ind2="#">
   <subfield code="d">19/2/2019</subfield>
  </datafield>
  <datafield tag="980" ind1="#" ind2="#">
   <subfield code="a">Trung tâm Học liệu Lê Vũ Hùng, Trường Đại học Đồng Tháp</subfield>
  </datafield>
 </record>
</collection>
